A Random Handful of Countries to Capital #2 - Statistics

General Stats
  • This quiz has been taken 16 times
  • The average score is 10 of 15
Answer Stats
Hint Answer % Correct
Greece Athens
100%
Indonesia Jakarta
94%
Guatemala Guatemala City
88%
Kuwait Kuwait City
88%
Estonia Tallinn
81%
Laos Vientiane
81%
Oman Muscat
75%
Maldives Male
63%
Seychelles Victoria
56%
Madagascar Antananarivo
50%
Suriname Paramaribo
50%
Trinidad and Tobago Port of Spain
44%
Cape Verde Praia
38%
Gabon Libreville
31%
Tuvalu Funafuti
25%
No matching quizzes found
Score Distribution
Percent of People with Each Score
Percentile by Number Answered
Your Score History
You have not taken this quiz